[Event "Bundesliga 2021-22"]
[Site "Berlin GER"]
[Date "2022.07.07"]
[Round "11.3"]
[Board "3"]
[White "L'Ami, Erwin"]
[Black "Orlov, Andrey"]
[Result "1/2-1/2"]
[WhiteTitle "GM"]
[BlackTitle "GM"]
[WhiteElo "2621"]
[BlackElo "2491"]
[WhiteTeam "SG Solingen"]
[BlackTeam "Duesseldorfer SK"]
[WhiteFideId "1007998"]
[BlackFideId "4125282"]
[EventDate "2022.03.05"]

1. d4 Nf6 2. c4 d6 3. Nc3 g6 4. Nf3 Bg7 5. g3 O-O 6. Bg2 Nc6 7. O-O a6 8. d5 Na5
9. b3 Bd7 10. Bg5 b5 11. Nd4 bxc4 12. b4 Nb7 13. Nc6 Qe8 14. Qd4 Nd8 15. Qxc4
Nxc6 16. dxc6 Be6 17. Qd3 Qc8 18. Rac1 Rd8 19. Rfd1 h6 20. Be3 Ng4 21. Bd4 Ne5
22. Qb1 Rb8 23. a4 Re8 24. b5 axb5 25. axb5 Nc4 26. Qb4 Bxd4 27. Rxd4 Nb6 28.
Rh4 Kg7 29. Qd4+ f6 30. Qe3 h5 31. Re4 Nc4 32. Qd4 Nb6 33. Re3 Bf7 34. Rd3 Ra8
35. Bd5 e6 36. Bb3 e5 37. Qb4 Qg4 38. e4 Reb8 39. Kg2 Qc8 40. Rf1 Bxb3 41. Qxb3
Qg8 42. Qxg8+ Rxg8 43. f4 Ra3 44. fxe5 dxe5 45. Rdf3 Rd8 46. Nd5 Ra2+ 47. Kg1
Nxd5 48. Rd1 Rb2 49. Rfd3 Rxb5 50. Rxd5 Rdxd5 51. Rxd5 Rb4 52. Rd7+ Kh6 53. Rxc7
Rxe4 54. h4 Rc4 55. Rc8 g5 56. c7 Kg7 57. hxg5 fxg5 58. Kf2 h4 59. gxh4 gxh4 60.
Re8 1/2-1/2

[Event "Bundesliga 2021-22"]
[Site "Berlin GER"]
[Date "2022.07.07"]
[Round "11.3"]
[Board "4"]
[White "Sorensen, Hampus"]
[Black "Warmerdam, Max"]
[Result "1-0"]
[WhiteTitle "IM"]
[BlackTitle "GM"]
[WhiteElo "2364"]
[BlackElo "2600"]
[WhiteTeam "Duesseldorfer SK"]
[BlackTeam "SG Solingen"]
[WhiteFideId "8703884"]
[BlackFideId "1048104"]
[EventDate "2022.03.05"]

1. d4 Nf6 2. Nf3 g6 3. g3 Bg7 4. Bg2 O-O 5. O-O d6 6. Re1 Nc6 7. d5 Nb4 8. e4 e5
9. a3 Na6 10. b4 Nd7 11. Nc3 Nb6 12. Rb1 Bd7 13. Nd2 c6 14. Nb3 Qe7 15. Na5 Rab8
16. Be3 Nc7 17. dxc6 bxc6 18. Qd2 Ne6 19. Rbd1 Nd4 20. Bxd4 exd4 21. Ne2 c5 22.
c3 dxc3 23. Nxc3 Rfc8 24. Nd5 Qd8 25. Rc1 Na4 26. Nc4 Be6 27. Nxd6 Rc6 28. e5
Bxe5 29. Nxf7 Bxf7 30. Rxe5 Rd6 31. bxc5 Ra6 32. c6 Rc8 33. Ne7+ Kg7 34. Qxd8
Rxd8 35. c7 1-0

[Event "Bundesliga 2021-22"]
[Site "Berlin GER"]
[Date "2022.07.07"]
[Round "11.3"]
[Board "5"]
[White "Van Wely, Loek"]
[Black "Coenen, Michael"]
[Result "1-0"]
[WhiteTitle "GM"]
[BlackTitle "FM"]
[WhiteElo "2613"]
[BlackElo "2326"]
[WhiteTeam "SG Solingen"]
[BlackTeam "Duesseldorfer SK"]
[WhiteFideId "1000268"]
[BlackFideId "4697367"]
[EventDate "2022.03.05"]

1. Nf3 Nf6 2. c4 e6 3. g3 d5 4. Bg2 Be7 5. d4 O-O 6. Qc2 dxc4 7. Qxc4 a6 8. Ne5
b5 9. Qc2 Ra7 10. O-O Bb7 11. e4 c5 12. dxc5 Qc7 13. Nd3 Bxe4 14. Bxe4 Nxe4 15.
Bf4 Qc8 16. a4 b4 17. Rc1 Ng5 18. Nd2 Nh3+ 19. Kg2 Nxf4+ 20. Nxf4 Nc6 21. Qe4
Rd7 22. Nf3 Bf6 23. Rab1 g6 24. h4 Rfd8 25. Rc4 Bg7 26. g4 e5 27. Ne2 Rd3 28.
Ng3 Rb3 29. g5 Qe6 30. Rc2 Rxf3 31. Qxf3 Nd4 32. Qd3 Qd5+ 33. Ne4 Nxc2 34. Qxc2
b3 35. Qe2 Qc6 36. Qf3 Kf8 37. Nd6 Qxf3+ 38. Kxf3 Ke7 39. Ke4 Ke6 40. Rd1 Bf8
41. Rd5 Bg7 42. Rd3 h6 43. Rxb3 hxg5 44. Rb6 Rh8 45. h5 Bf8 46. Nc4+ Kd7 47.
Nxe5+ Kc7 48. hxg6 fxg6 49. Rxa6 Rh1 50. Ra7+ 1-0

[Event "Bundesliga 2021-22"]
[Site "Berlin GER"]
[Date "2022.07.07"]
[Round "11.3"]
[Board "6"]
[White "Harff, Marcel"]
[Black "Nikolic, Predrag"]
[Result "1/2-1/2"]
[WhiteTitle "FM"]
[BlackTitle "GM"]
[WhiteElo "2359"]
[BlackElo "2541"]
[WhiteTeam "Duesseldorfer SK"]
[BlackTeam "SG Solingen"]
[WhiteFideId "24621382"]
[BlackFideId "14400014"]
[EventDate "2022.03.05"]

1. c4 Nf6 2. Nf3 b6 3. g3 c5 4. Bg2 Bb7 5. b3 g6 6. Bb2 Bg7 7. O-O O-O 8. d4
cxd4 9. Qxd4 d6 10. Qd2 Nbd7 11. Nc3 a6 12. Nd4 Bxg2 13. Kxg2 Nc5 14. f3 e6 15.
Rad1 Qc7 16. Qc1 Rfd8 17. Qa1 Qb7 18. Nc2 Ne8 19. Ne3 f5 20. Rc1 Bh6 21. Ncd1 b5
22. Bd4 Rac8 23. h4 e5 24. Bxc5 Rxc5 25. h5 Nf6 26. hxg6 hxg6 27. Rh1 Kg7 28.
Rc3 Qe7 29. Qb2 Rh8 30. Qa3 a5 31. Qb2 b4 32. Rd3 e4 33. Rd5 exf3+ 34. exf3 Re8
35. Re1 Bxe3 36. Rxe3 1/2-1/2

[Event "Bundesliga 2021-22"]
[Site "Berlin GER"]
[Date "2022.07.07"]
[Round "11.3"]
[Board "7"]
[White "Naumann, Alexander"]
[Black "Hainke, Guntram"]
[Result "1-0"]
[WhiteTitle "GM"]
[BlackTitle "FM"]
[WhiteElo "2514"]
[BlackElo "2302"]
[WhiteTeam "SG Solingen"]
[BlackTeam "Duesseldorfer SK"]
[WhiteFideId "4623169"]
[BlackFideId "24619094"]
[EventDate "2022.03.05"]

1. d4 d5 2. c4 c6 3. Nf3 Nf6 4. Nc3 e6 5. Bg5 h6 6. Bh4 Nbd7 7. e3 g5 8. Bg3 Nh5
9. Bd3 Nxg3 10. hxg3 Bg7 11. Qc2 dxc4 12. Bxc4 b5 13. Be2 Bb7 14. Ne4 Qe7 15.
Rc1 a6 16. g4 O-O-O 17. Nfd2 f5 18. gxf5 Kb8 19. fxe6 Qxe6 20. Nb3 Bf8 21. O-O
Rc8 22. Rfd1 Be7 23. Nbc5 Nxc5 24. Nxc5 Bxc5 25. Qxc5 Qxa2 26. Bg4 Rcd8 27. Bf3
Rc8 28. Qb6 Qf7 29. Bxc6 Qc7 30. Qxb7+ Qxb7 31. Bxb7 Kxb7 32. e4 h5 33. d5 Rhe8
34. f3 g4 35. Kf2 gxf3 36. Rxc8 Rxc8 37. Kxf3 Rc2 38. e5 Kc7 39. d6+ 1-0

[Event "Bundesliga 2021-22"]
[Site "Berlin GER"]
[Date "2022.07.07"]
[Round "11.3"]
[Board "8"]
[White "Agrest, Inna"]
[Black "Halvax, Georg"]
[Result "1/2-1/2"]
[WhiteTitle "WIM"]
[BlackTitle "IM"]
[WhiteElo "2245"]
[BlackElo "2407"]
[WhiteTeam "Duesseldorfer SK"]
[BlackTeam "SG Solingen"]
[WhiteFideId "1708830"]
[BlackFideId "1619543"]
[EventDate "2022.03.05"]

1. e4 c5 2. Nf3 Nc6 3. d4 cxd4 4. Nxd4 g6 5. c4 Bg7 6. Nc2 Qa5+ 7. Bd2 Qb6 8.
Nc3 Nf6 9. Be2 O-O 10. O-O d6 11. Rb1 Be6 12. Kh1 Rfc8 13. f4 Qd8 14. b3 a6 15.
a4 Bd7 16. Bf3 Ne8 17. Ne3 Rab8 18. Qe1 Nd4 19. Ncd5 e6 20. Nb4 Nc7 21. Qf2 f5
22. exf5 gxf5 23. Bh5 Ne8 24. Bc3 Nc6 25. Bxe8 Bxc3 26. Nxc6 bxc6 27. Bxd7 Qxd7
28. Qc2 Bd4 29. Rf3 Kh8 30. Rd1 c5 31. Nf1 Rg8 32. Ng3 Qg7 33. Qe2 Rbe8 34. Rfd3
Qh6 35. Rf3 Ref8 36. Nf1 Rf6 37. Rdd3 Rg4 38. b4 Rxf4 39. b5 Re4 40. Qd1 Qg7 41.
b6 Qb7 42. a5 Rg6 43. Rg3 Rf6 44. Nd2 Be5 1/2-1/2

[Event "Bundesliga 2021-22"]
[Site "Berlin GER"]
[Date "2022.07.07"]
[Round "11.4"]
[Board "1"]
[White "Kryvoruchko, Yuriy"]
[Black "Nagy, Gabor1"]
[Result "1-0"]
[WhiteTitle "GM"]
[BlackTitle "GM"]
[WhiteElo "2683"]
[BlackElo "2507"]
[WhiteTeam "SC Viernheim"]
[BlackTeam "Aachener SV"]
[WhiteFideId "14109182"]
[BlackFideId "737119"]
[EventDate "2022.03.05"]

1. e4 c5 2. Nf3 e6 3. c3 d5 4. exd5 Qxd5 5. Na3 Nc6 6. d4 Nf6 7. Be3 cxd4 8. Nb5
Qd7 9. Nbxd4 a6 10. Qc2 Bd6 11. O-O-O Nxd4 12. Bxd4 Qc7 13. Bd3 b5 14. Rhe1 Bb7
15. Bxf6 Bxf3 16. Bxg7 Bxd1 17. Qxd1 Rg8 18. Bf6 Be7 19. Be5 Qd7 20. Bxh7 Qxd1+
21. Rxd1 Rg5 22. Be4 Rxe5 23. Bxa8 Bg5+ 24. Kb1 Re2 25. Rf1 b4 26. f4 Bf6 27.
Bf3 Rd2 28. Rd1 Rf2 29. Rd3 a5 30. f5 exf5 31. a4 f4 32. Kc1 bxc3 33. bxc3 Ra2
34. Bd5 Re2 35. c4 Be7 36. Bf3 Rf2 37. Rd5 Ba3+ 38. Kd1 Rf1+ 39. Ke2 Rc1 40. Kd3
Bb4 41. Rf5 Ra1 42. Bd5 Kd8 43. Rxf4 Rxa4 44. Rxf7 Bc5 45. Rb7 Ra3+ 46. Ke4 a4
47. Rb5 Bg1 48. h4 Re3+ 49. Kf5 a3 50. Ra5 Kc7 51. Ra6 Rc3 52. h5 Bd4 53. g4 Kd7
54. g5 Bc5 55. g6 1-0

[Event "Bundesliga 2021-22"]
[Site "Berlin GER"]
[Date "2022.07.07"]
[Round "11.4"]
[Board "2"]
[White "Koch, Thomas1"]
[Black "Korobov, Anton"]
[Result "0-1"]
[WhiteTitle "IM"]
[BlackTitle "GM"]
[WhiteElo "2458"]
[BlackElo "2695"]
[WhiteTeam "Aachener SV"]
[BlackTeam "SC Viernheim"]
[WhiteFideId "4600533"]
[BlackFideId "14105730"]
[EventDate "2022.03.05"]

1. d4 Nf6 2. c4 e6 3. Nf3 d5 4. Nc3 c6 5. e3 Nbd7 6. Qc2 Bd6 7. b3 O-O 8. Be2 b6
9. O-O Bb7 10. Bb2 Re8 11. Rad1 Qe7 12. Rfe1 Rad8 13. Bf1 c5 14. cxd5 exd5 15.
g3 a6 16. Bh3 c4 17. a4 Bb4 18. Nd2 Rc8 19. bxc4 dxc4 20. e4 Rc7 21. Bg2 Nf8 22.
e5 Bxc3 23. Bxc3 Nd5 24. Ne4 Rd8 25. Nd6 Bc6 26. Bxd5 Bxd5 27. Nf5 Qe6 28. f4
Ba8 29. Ne3 Rcd7 30. Kf2 Qh6 31. h4 Ne6 32. Nf5 Qg6 33. d5 Nc5 34. d6 Qg4 35.
Re3 Bc6 36. Qb1 b5 37. Nd4 Be4 38. Rxe4 Nxe4+ 39. Qxe4 Qxd1 40. axb5 axb5 41.
Nxb5 Qb3 42. Qc6 Qa2+ 43. Ke3 Qh2 44. Be1 Qc2 45. Qd5 Rb8 46. Nc3 Qc1+ 47. Qd2
Qa1 48. Ke4 Rb2 49. Qe3 Qa8+ 50. Kd4 Qa7+ 51. Ke4 Qb7+ 52. Kf5 Qc8 53. Ke4 Qc6+
54. Kf5 Rdb7 55. Kg5 h6+ 56. Kh5 Qe8 57. Kg4 g6 58. f5 gxf5+ 59. Kxf5 Qe6+ 60.
Kf4 f6 61. Qe4 fxe5+ 62. Ke3 Rd7 63. Qa8+ Kg7 64. Ne4 Qg4 65. Qg8+ Kxg8 66. Nf6+
Kf7 67. Nxg4 Ke6 68. Nxe5 Kxe5 69. Bc3+ Kf5 70. Bxb2 Rxd6 71. Bd4 Kg4 0-1

[Event "Bundesliga 2021-22"]
[Site "Berlin GER"]
[Date "2022.07.07"]
[Round "11.4"]
[Board "3"]
[White "Fedorchuk, Sergey A."]
[Black "Piceu, Tom"]
[Result "1-0"]
[WhiteTitle "GM"]
[BlackTitle "IM"]
[WhiteElo "2604"]
[BlackElo "2331"]
[WhiteTeam "SC Viernheim"]
[BlackTeam "Aachener SV"]
[WhiteFideId "14102536"]
[BlackFideId "201952"]
[EventDate "2022.03.05"]

1. e4 c5 2. Nf3 d6 3. d4 cxd4 4. Nxd4 Nf6 5. Nc3 a6 6. h3 e6 7. g4 b5 8. Bg2 Bb7
9. O-O b4 10. Nd5 exd5 11. exd5 Be7 12. g5 Nfd7 13. Nf5 O-O 14. Qd4 f6 15. Qxb4
Nc5 16. Re1 Rf7 17. Rxe7 Rxe7 18. gxf6 Re5 19. Nh6+ gxh6 20. Qg4+ Rg5 21. Bxg5
Qe8 22. Bxh6+ Qg6 23. Re1 Nbd7 24. Re7 Qxg4 25. f7+ Kh8 26. hxg4 Nf8 27. Re8 1-0

[Event "Bundesliga 2021-22"]
[Site "Berlin GER"]
[Date "2022.07.07"]
[Round "11.4"]
[Board "4"]
[White "Lemmers, Oscar"]
[Black "Braun, Arik"]
[Result "1/2-1/2"]
[WhiteTitle "IM"]
[BlackTitle "GM"]
[WhiteElo "2337"]
[BlackElo "2587"]
[WhiteTeam "Aachener SV"]
[BlackTeam "SC Viernheim"]
[WhiteFideId "1002759"]
[BlackFideId "4663527"]
[EventDate "2022.03.05"]

1. e4 g6 2. d4 Bg7 3. Nc3 c6 4. f4 d5 5. e5 Qb6 6. h3 h5 7. Nf3 Nh6 8. Bd3 Bf5
9. O-O e6 10. Na4 Qc7 11. b3 Bf8 12. Be2 Be7 13. Ng5 h4 14. c4 Nd7 15. Be3 f6
16. exf6 Bxf6 17. Qe1 Nf7 18. Nc3 Qd8 19. Qd2 O-O 20. Rae1 Qe7 21. Bd3 Nxg5 22.
fxg5 1/2-1/2

[Event "Bundesliga 2021-22"]
[Site "Berlin GER"]
[Date "2022.07.07"]
[Round "11.4"]
[Board "5"]
[White "Wagner, Dennis"]
[Black "Coenen, Norbert"]
[Result "1-0"]
[WhiteTitle "GM"]
[BlackTitle "IM"]
[WhiteElo "2584"]
[BlackElo "2270"]
[WhiteTeam "SC Viernheim"]
[BlackTeam "Aachener SV"]
[WhiteFideId "24650684"]
[BlackFideId "4619455"]
[EventDate "2022.03.05"]

1. d4 Nf6 2. c4 g6 3. Nc3 d5 4. cxd5 Nxd5 5. e4 Nxc3 6. bxc3 Bg7 7. Bc4 c5 8.
Ne2 Nc6 9. Be3 O-O 10. O-O Qc7 11. Rc1 Rd8 12. h4 Qd7 13. h5 cxd4 14. cxd4 Nxd4
15. Nxd4 Bxd4 16. Qf3 Qe8 17. Rfd1 Bb6 18. Bxb6 Rxd1+ 19. Rxd1 axb6 20. Bxf7+ 1-0

[Event "Bundesliga 2021-22"]
[Site "Berlin GER"]
[Date "2022.07.07"]
[Round "11.4"]
[Board "6"]
[White "Meessen, Rudolf"]
[Black "Zaragatski, Ilja"]
[Result "1-0"]
[WhiteTitle "FM"]
[BlackTitle "GM"]
[WhiteElo "2226"]
[BlackElo "2515"]
[WhiteTeam "Aachener SV"]
[BlackTeam "SC Viernheim"]
[WhiteFideId "202029"]
[BlackFideId "4655192"]
[EventDate "2022.03.05"]

1. d4 d5 2. Nc3 Nf6 3. Bf4 e6 4. Nb5 Na6 5. e3 Be7 6. Nf3 O-O 7. h4 c6 8. Nc3 b6
9. Ne5 Nb8 10. Qf3 c5 11. O-O-O Bb7 12. Bd3 Nc6 13. g4 Nb4 14. g5 Nxd3+ 15. cxd3
Ne8 16. h5 cxd4 17. g6 Nd6 18. exd4 Bf6 19. Qg4 Qe7 20. gxf7+ Nxf7 21. Rdg1 Bxe5
22. dxe5 Nh8 23. Rh3 Rf7 24. Rhg3 Rc8 25. Bg5 Qd7 26. Bf6 Rc7 27. Kb1 d4 28. Ne2
Kf8 29. Bxg7+ Rxg7 30. Qf4+ Ke8 31. Rxg7 Qxg7 32. Rxg7 Rxg7 33. Qf6 1-0

[Event "Bundesliga 2021-22"]
[Site "Berlin GER"]
[Date "2022.07.07"]
[Round "11.4"]
[Board "7"]
[White "Abergel, Thal"]
[Black "Huesmann, Thomas"]
[Result "1-0"]
[WhiteTitle "GM"]
[BlackTitle "FM"]
[WhiteElo "2374"]
[BlackElo "2114"]
[WhiteTeam "SC Viernheim"]
[BlackTeam "Aachener SV"]
[WhiteFideId "614890"]
[BlackFideId "200441"]
[EventDate "2022.03.05"]

1. e4 e5 2. Nf3 Nc6 3. Bc4 Nf6 4. Ng5 d5 5. exd5 Na5 6. Bb5+ Bd7 7. Qe2 Be7 8.
Nc3 Bxb5 9. Qxb5+ c6 10. dxc6 Nxc6 11. O-O O-O 12. Qe2 Nd5 13. Nf3 Ndb4 14. d3
Nd4 15. Nxd4 exd4 16. Ne4 Rc8 17. c4 dxc3 18. Nxc3 Bf6 19. Ne4 Be7 20. Rd1 f5
21. Nc3 Bd6 22. d4 Kh8 23. a3 Nc6 24. d5 Re8 25. Qh5 Ne5 26. Qxf5 Qh4 27. g3 Qc4
28. Qe4 Qxe4 29. Nxe4 Nf3+ 30. Kg2 Nh4+ 31. gxh4 Rxe4 32. Be3 Rxh4 33. h3 a6 34.
Rac1 Rf8 35. Bc5 Rh6 36. Bxd6 Rxd6 37. Rc7 Rb8 38. Rd3 Kg8 39. h4 Rbd8 40. Rxb7
Rxd5 41. Rxd5 Rxd5 42. b4 a5 43. b5 a4 44. b6 Rb5 45. Kg3 h6 46. Rb8+ Kf7 47. b7
Rb2 48. Kg4 Rb5 49. Kg3 Kg6 50. Kg4 Rb3 51. h5+ 1-0

[Event "Bundesliga 2021-22"]
[Site "Berlin GER"]
[Date "2022.07.07"]
[Round "11.4"]
[Board "8"]
[White "Rache, Ralf"]
[Black "Muetsch, Annmarie"]
[Result "0-1"]
[BlackTitle "WIM"]
[WhiteElo "1935"]
[BlackElo "2263"]
[WhiteTeam "Aachener SV"]
[BlackTeam "SC Viernheim"]
[WhiteFideId "1270447"]
[BlackFideId "12971367"]
[EventDate "2022.03.05"]

1. e4 e5 2. f4 exf4 3. Nf3 d5 4. exd5 Nf6 5. Bc4 c6 6. Nc3 Bd6 7. d4 O-O 8. O-O
Bg4 9. Ne2 cxd5 10. Bd3 Qc7 11. c3 Nc6 12. Qc2 Rfe8 13. Bd2 Rac8 14. Qc1 Qb6 15.
Bxf4 Nb4 16. Bxd6 Nxd3 17. Qd2 Qxb2 18. Qxb2 Nxb2 19. Nf4 Bxf3 20. Rxf3 Nc4 21.
Be5 Nxe5 22. dxe5 Rxe5 23. Rd1 h6 24. Rfd3 g5 25. Nxd5 Nxd5 26. Rxd5 Rxd5 27.
Rxd5 Rxc3 28. Rd7 Ra3 29. Rxb7 Rxa2 30. h4 Kg7 31. Kh2 Ra4 32. hxg5 hxg5 33. Kg3
Kg6 34. Rc7 Ra3+ 35. Kf2 Ra4 36. Kg3 f5 37. Rc6+ Kh5 38. Rc8 Ra3+ 39. Kf2 Kg4
40. Rc4+ f4 41. Rc5 Kh4 42. Rf5 Ra2+ 43. Kf3 g4+ 44. Ke4 Ra4+ 45. Kd3 Kg3 0-1

[Event "Bundesliga 2021-22"]
[Site "Berlin GER"]
[Date "2022.07.07"]
[Round "11.5"]
[Board "1"]
[White "Shevchenko, Kirill"]
[Black "Jones, Gawain C B"]
[Result "1-0"]
[WhiteTitle "GM"]
[BlackTitle "GM"]
[WhiteElo "2652"]
[BlackElo "2672"]
[WhiteTeam "SV Werder Bremen"]
[BlackTeam "Muenchener Schachclub 1836"]
[WhiteFideId "14129574"]
[BlackFideId "409561"]
[EventDate "2022.03.05"]

1. d4 Nf6 2. c4 g6 3. Nc3 d5 4. cxd5 Nxd5 5. e4 Nxc3 6. bxc3 Bg7 7. Qa4+ Nd7 8.
Nf3 O-O 9. Qa3 c5 10. h4 b5 11. Bxb5 cxd4 12. cxd4 Bb7 13. Bd3 Nf6 14. e5 Bxf3
15. exf6 Bxf6 16. gxf3 Qxd4 17. Rb1 Bxh4 18. O-O Rad8 19. Rb4 Bxf2+ 20. Rxf2
Qxd3 21. Re4 Qb5 22. Qxe7 Rfe8 23. Qg5 Qc6 24. Rxe8+ Qxe8 25. Kg2 Rd6 26. Bb2
Re6 27. Rd2 Re2+ 28. Kf1 Rxd2 29. Qxd2 h5 30. Qd4 Kf8 31. Qh8+ Ke7 32. Qe5+ Kd7
33. Qb5+ Ke7 34. Ba3+ Kd8 35. Qb8+ Kd7 36. Qxa7+ Ke6 37. Qe3+ Kd7 38. Qxe8+ Kxe8
39. Bb2 Ke7 40. Kf2 g5 41. a4 Kd6 42. Bf6 g4 43. f4 Kc5 44. Kg3 Kb4 45. Kh4 Kxa4
46. Kxh5 1-0

[Event "Bundesliga 2021-22"]
[Site "Berlin GER"]
[Date "2022.07.07"]
[Round "11.5"]
[Board "2"]
[White "Indjic, Aleksandar"]
[Black "McShane, Luke J"]
[Result "1/2-1/2"]
[WhiteTitle "GM"]
[BlackTitle "GM"]
[WhiteElo "2605"]
[BlackElo "2647"]
[WhiteTeam "Muenchener Schachclub 1836"]
[BlackTeam "SV Werder Bremen"]
[WhiteFideId "911925"]
[BlackFideId "404853"]
[EventDate "2022.03.05"]

1. d4 Nf6 2. c4 e6 3. Nc3 Bb4 4. Qc2 d5 5. a3 Bxc3+ 6. Qxc3 O-O 7. Bg5 h6 8.
Bxf6 Qxf6 9. Nf3 c6 10. h4 Nd7 11. g4 Qe7 12. g5 h5 13. Bh3 dxc4 14. g6 fxg6 15.
Qxc4 Rxf3 16. exf3 Nb6 17. Qc2 Qf6 18. Rg1 Kf7 19. Rg5 Nd5 20. O-O-O Nf4 21. Bf1
Bd7 22. Bd3 Be8 23. Bc4 Rd8 24. Qe4 b5 25. Ba2 Rxd4 26. Rxd4 Qxd4 27. Qxd4 Ne2+
28. Kd1 Nxd4 29. Bb1 Kf6 30. f4 Nf3 31. Rc5 Nxh4 32. Be4 Ke7 33. b4 Kd6 34. Ke2
a5 35. Ke3 axb4 36. axb4 Nf5+ 37. Bxf5 exf5 38. Kf3 Ke7 39. Kg3 Kf6 40. Kh4 Bd7
41. Rc1 Be8 42. Rc5 Ke6 1/2-1/2

[Event "Bundesliga 2021-22"]
[Site "Berlin GER"]
[Date "2022.07.07"]
[Round "11.5"]
[Board "3"]
[White "Fressinet, Laurent"]
[Black "Martinovic, Sasa"]
[Result "1/2-1/2"]
[WhiteTitle "GM"]
[BlackTitle "GM"]
[WhiteElo "2630"]
[BlackElo "2554"]
[WhiteTeam "SV Werder Bremen"]
[BlackTeam "Muenchener Schachclub 1836"]
[WhiteFideId "608742"]
[BlackFideId "14509792"]
[EventDate "2022.03.05"]

1. d4 e6 2. c4 d5 3. Nf3 a6 4. e3 Nf6 5. Nc3 b6 6. b3 Bb7 7. Bb2 Nbd7 8. Bd3 Bd6
9. O-O O-O 10. Qe2 Ne4 11. a4 c5 12. cxd5 exd5 13. Rfd1 Qe7 14. a5 Nxc3 15. Bxc3
c4 16. bxc4 dxc4 17. Bxc4 Bxf3 18. gxf3 Rac8 19. Bd2 Rfe8 20. Rac1 b5 21. Bb3
Qg5+ 22. Kf1 Bxh2 23. Qd3 Rcd8 24. Ke2 Ne5 25. Qe4 Ng6 26. Qg4 Qf6 27. Kf1 Bb8
28. Rc5 Nh4 29. f4 g6 30. Qg5 Qxg5 31. fxg5 Nf3 32. Bc3 Rc8 33. Ke2 Nxg5 34. Bd5
Ne6 35. Rxc8 Rxc8 36. Kd3 Rd8 37. Bg2 Bd6 38. Rc1 Ba3 39. Rc2 b4 40. Bd2 b3 41.
Rc6 Nc5+ 42. Ke2 b2 43. Rb6 Na4 44. Rb3 Rc8 45. Be4 Bd6 46. Kd1 h5 47. Bd3 h4
48. Bxa6 Rc3 49. Bxc3 Nxc3+ 50. Kc2 b1=Q+ 51. Rxb1 Nxb1 52. Kxb1 1/2-1/2

[Event "Bundesliga 2021-22"]
[Site "Berlin GER"]
[Date "2022.07.07"]
[Round "11.5"]
[Board "4"]
[White "Horvath, Dominik"]
[Black "Edouard, Romain"]
[Result "1/2-1/2"]
[WhiteTitle "IM"]
[BlackTitle "GM"]
[WhiteElo "2486"]
[BlackElo "2591"]
[WhiteTeam "Muenchener Schachclub 1836"]
[BlackTeam "SV Werder Bremen"]
[WhiteFideId "1642561"]
[BlackFideId "633429"]
[EventDate "2022.03.05"]

1. e4 e6 2. d4 d5 3. Nc3 Bb4 4. Ne2 dxe4 5. a3 Be7 6. Nxe4 Nf6 7. Qd3 O-O 8.
Nxf6+ Bxf6 9. Be3 e5 10. d5 c6 11. Nc3 e4 12. Qxe4 Bxc3+ 13. bxc3 cxd5 14. Qf4
Qa5 15. Qb4 Qc7 16. Bd3 Na6 17. Qd4 b6 18. O-O Nc5 19. Rfe1 Nxd3 20. Qxd3 Qc6
21. Bd4 Qg6 22. Re5 Qxd3 23. cxd3 Bb7 24. Rae1 f6 25. Re7 Rf7 26. Re8+ Rxe8 27.
Rxe8+ Rf8 28. Re7 Rf7 29. Re8+ Rf8 30. Re7 1/2-1/2

[Event "Bundesliga 2021-22"]
[Site "Berlin GER"]
[Date "2022.07.07"]
[Round "11.5"]
[Board "5"]
[White "Hracek, Zbynek"]
[Black "Berchtenbreiter, Maximilian"]
[Result "1/2-1/2"]
[WhiteTitle "GM"]
[BlackTitle "IM"]
[WhiteElo "2567"]
[BlackElo "2513"]
[WhiteTeam "SV Werder Bremen"]
[BlackTeam "Muenchener Schachclub 1836"]
[WhiteFideId "300071"]
[BlackFideId "24641120"]
[EventDate "2022.03.05"]

1. d4 Nf6 2. c4 c5 3. Nf3 cxd4 4. Nxd4 b6 5. Nc3 Bb7 6. f3 d6 7. e4 a6 8. Be3 e6
9. Be2 Be7 10. O-O O-O 11. Qd2 Qc7 12. Rfc1 Kh8 13. a4 Nbd7 14. a5 bxa5 15. Nb3
Rae8 16. Nxa5 Ba8 17. Na4 Rg8 18. b4 g5 19. h3 h5 20. b5 g4 21. hxg4 hxg4 22. b6
Qc8 23. Kf2 Rg6 24. Qb2 gxf3 25. gxf3 Ne5 26. Rh1+ Kg8 27. b7 Nxe4+ 28. fxe4 Qd8
29. Ke1 Qxa5+ 30. Bd2 Qd8 31. bxa8=Q Qxa8 1/2-1/2

[Event "Bundesliga 2021-22"]
[Site "Berlin GER"]
[Date "2022.07.07"]
[Round "11.5"]
[Board "6"]
[White "Radovanovic, Nikola"]
[Black "Grigorian, Spartak"]
[Result "1/2-1/2"]
[WhiteTitle "IM"]
[BlackTitle "IM"]
[WhiteElo "2419"]
[BlackElo "2472"]
[WhiteTeam "Muenchener Schachclub 1836"]
[BlackTeam "SV Werder Bremen"]
[WhiteFideId "900087"]
[BlackFideId "24661490"]
[EventDate "2022.03.05"]

1. e4 c5 2. Nf3 d6 3. d4 cxd4 4. Qxd4 Nf6 5. Be2 Nc6 6. Qe3 g6 7. O-O Bg7 8. h3
O-O 9. Rd1 Nd7 10. Nc3 Nde5 11. Nxe5 Bxe5 12. Nd5 e6 13. Nc3 Qe7 14. Qd3 Nb4 15.
Qd2 Rd8 16. a3 Nc6 17. Qd3 b6 18. Be3 Bb7 19. Qd2 Rac8 20. Rac1 Na5 21. Bd4 Qf6
22. Bxe5 dxe5 23. Qe3 Rd4 24. Bd3 Nc4 25. Bxc4 Rcxc4 26. f3 Ba6 27. Rd2 Rc7 28.
Rcd1 Rcd7 29. Ne2 Rxd2 30. Rxd2 Qd8 31. Rxd7 Qxd7 32. Nc3 Kg7 33. Kf2 Qd6 34.
Ke1 h6 35. Nd1 f5 36. Qc3 Kf6 37. Nf2 Qd4 38. Qxd4 exd4 39. g3 g5 40. exf5 Kxf5
41. Ne4 h5 42. Nd6+ Ke5 43. Nf7+ Kf6 44. Nd6 Ke5 45. Nf7+ Kf6 46. Nd6 1/2-1/2

[Event "Bundesliga 2021-22"]
[Site "Berlin GER"]
[Date "2022.07.07"]
[Round "11.5"]
[Board "7"]
[White "Reuker, Jari"]
[Black "Ciolek, Andreas"]
[Result "0-1"]
[BlackTitle "FM"]
[WhiteElo "2425"]
[BlackElo "2191"]
[WhiteTeam "SV Werder Bremen"]
[BlackTeam "Muenchener Schachclub 1836"]
[WhiteFideId "12909300"]
[BlackFideId "12906727"]
[EventDate "2022.03.05"]

1. e4 c5 2. Nf3 e6 3. d4 cxd4 4. Nxd4 Nf6 5. Nc3 Nc6 6. Nxc6 bxc6 7. e5 Nd5 8.
Ne4 Bb7 9. a3 Qc7 10. f4 c5 11. Nd6+ Bxd6 12. exd6 Qb6 13. c4 Nf6 14. Be3 Ne4
15. b4 Qxd6 16. Qxd6 Nxd6 17. Bxc5 Ne4 18. Bd4 O-O 19. Bd3 d6 20. Ke2 e5 21.
fxe5 dxe5 22. Bb2 Ng5 23. Kf2 e4 24. Bc2 Rad8 25. Ke3 f5 26. g3 Nf3 27. Rad1 g5
28. Rxd8 f4+ 29. gxf4 gxf4+ 30. Ke2 Rxd8 31. Bc3 Nd4+ 32. Bxd4 Rxd4 33. Rf1 e3
34. Bd3 Bc8 35. Rg1+ Kf7 36. c5 h5 37. c6 Ke7 38. Rg7+ Kd6 39. c7 Bd7 40. Bg6
Bg4+ 41. Kf1 f3 0-1